书目信息 |
| 题名: |
光海弄波
|
|
| 作者: | 程路 著 | |
| 分册: | ||
| 出版信息: | 天津 南开大学出版社 1998.12 |
|
| 页数: | 201页 | |
| 开本: | 32开 | |
| 丛书名: | ||
| 单 册: | ||
| 中图分类: | O43-49 | |
| 科图分类: | ||
| 主题词: | 光学 | |
| 电子资源: | ||
| ISBN: | 7-310-01116-3 | |
| 000 | 00516nam0 2200193 45 | |
| 001 | 1009082378 | |
| 005 | 20100908234943.8 | |
| 010 | @a7-310-01116-3@d10.00元 | |
| 100 | @a20100908d1998 km y0chiy0120 ea | |
| 101 | 0 | @achi |
| 105 | @a z 000yy | |
| 200 | 1 | @a光海弄波@AGuang Hai Nong Bo@f程路著@FCheng Lu Zhu |
| 210 | @a天津@c南开大学出版社@d1998.12 | |
| 215 | @a201页@d32开 | |
| 606 | 0 | @a光学 |
| 690 | @aO43-49@v3 | |
| 701 | 0 | @a程路@4著 |
| 801 | @aCN@bPftUser@c20100908 | |
| 905 | @b134377-386@dO43-49@eC.583@f10 | |
| 光海弄波/程路著.-天津:南开大学出版社,1998.12 |
| 201页;32开 |
| ISBN 7-310-01116-3:10.00元 |
| ● |
| 相关链接 |
|
|
|
正题名:光海弄波
索取号:O43-49/C.583
 
预约/预借
| 序号 | 登录号 | 条形码 | 馆藏地/架位号 | 状态 | 备注 |
| 1 | 134377 | 201343778 | 自科库401/401自科库 58排1列2层/ [索取号:O43-49/C.583] | 在馆 | |
| 2 | 134378 | 201343787 | 自科库401/401自科库 58排1列2层/ [索取号:O43-49/C.583] | 在馆 | |
| 3 | 134379 | 201343796 | 自科库401/401自科库 58排1列2层/ [索取号:O43-49/C.583] | 在馆 | |
| 4 | 134380 | 201343803 | 自科库401/401自科库 58排1列2层/ [索取号:O43-49/C.583] | 在馆 | |
| 5 | 134381 | 201343812 | 自科库401/401自科库 58排1列2层/ [索取号:O43-49/C.583] | 在馆 | |
| 6 | 134382 | 201343821 | 自科库401/401自科库 58排1列2层/ [索取号:O43-49/C.583] | 在馆 | |
| 7 | 134383 | 201343830 | 自科库401/401自科库 58排1列2层/ [索取号:O43-49/C.583] | 在馆 | |
| 8 | 134384 | 201343849 | 自科库401/401自科库 58排1列2层/ [索取号:O43-49/C.583] | 在馆 | |
| 9 | 134385 | 201343858 | 自科库401/401自科库 58排1列2层/ [索取号:O43-49/C.583] | 在馆 | |
| 10 | 134386 | 201343867 | 自科库401/401自科库 58排1列2层/ [索取号:O43-49/C.583] | 在馆 |